000 00565nam a2200217 a 4500
001 0001-2038
003 ELIB.Books
008 190705 2010 eng
020 _aKBTS
092 _a615
_bSch
100 _aScharlemann, Martin H.
245 _aHealing and Redemption
260 _aLondon
_bConcordia Publishing House
_c1965
300 _a122
_c20.5 Cm
650 _aHealing
856 _nKBTS Library
_uKBTS Elib
942 _2ddc
_cBK
990 _a1
998 _aEnglishbooks.elf
_ccat
_e2019-07-05
_mcat
_u2020-05-25
999 _c12038
_d12038